[Event "Bosnjaci op 25th"]
[Site "Bosnjaci"]
[Date "2020.01.04"]
[Round "2"]
[White "Abdil, Halil"]
[Black "Zaja, Ivan"]
[Result "0-1"]
[WhiteElo "2106"]
[BlackElo "2447"]
[PlyCount "78"]
[EventDate "2020.01.03"]
[EventType "swiss"]
[EventRounds "9"]
[EventCountry "CRO"]
[SourceTitle "CBM 194 Extra"]
[Source "ChessBase"]
[SourceDate "2020.03.31"]
[SourceVersion "1"]
[SourceVersionDate "2020.03.31"]
[SourceQuality "1"]

1. e4 c5 2. Nf3 Nc6 3. d4 cxd4 4. Nxd4 e5 5. Nb5 d6 6. N1c3 a6 7. Na3 Be6 8. Nc4 Rb8 9. Ne3 Nf6 10. Bd3 g6 11. 0-0 Bg7 12. b3 0-0 13. Ba3 b5 14. Bb2 Qb6 15. a4 b4 16. Nb1 Rbd8 17. Nd2 d5 18. Qe2 dxe4 19. Nxe4 Nxe4 20. Bxe4 Nd4 21. Bxd4 exd4 22. Nc4 d3 23. Bxd3 Bxc4 24. Bxc4 Bxa1 25. Rxa1 Rfe8 26. Qf3 Rd7 27. h4 h5 28. g3 Kg7 29. a5 Qd6 30. c3 Qe5 31. Bxa6 bxc3 32. Rc1 f6 33. Rxc3 Qxa5 34. Rc6 Re1+ 35. Kh2 Qe5 36. Qc3 Rd4 37. f4 Qe4 38. Rc7+ Kh6 39. g4 Qxf4+ 0-1

[Event "BIH-chT2"]
[Site "Bosna"]
[Date "2017.08.28"]
[Round "6.2"]
[White "Karup, Edin"]
[Black "Abdil, Halil"]
[Result "0-1"]
[WhiteElo "2103"]
[BlackElo "2074"]
[PlyCount "52"]
[EventDate "2017.08.25"]
[EventType "team-tourn"]
[EventRounds "9"]
[EventCountry "BIH"]
[SourceTitle "EXT 2019"]
[Source "ChessBase"]
[SourceDate "2018.10.10"]
[SourceVersion "1"]
[SourceVersionDate "2018.10.10"]
[SourceQuality "1"]

1. e4 c5 2. Nf3 d6 3. d4 cxd4 4. Nxd4 Nf6 5. Nc3 g6 6. Be3 Bg7 7. f3 Nc6 8. Bc4 0-0 9. Qd2 Bd7 10. 0-0-0 Ne5 11. Bb3 Rc8 12. g4 b5 13. h4 a5 14. h5 a4 15. hxg6 axb3 16. gxh7+ Kh8 17. axb3 b4 18. Nce2 Qa5 19. c3 bxc3 20. Nxc3 Bxg4 21. Rdg1 Nxf3 22. Bh6 Nxd2 23. Bxg7+ Kxg7 24. h8Q+ Rxh8 25. Nf5+ Kg6 26. Nxe7+ Kg5 0-1

[Event "BIH-chT2"]
[Site "Bosna"]
[Date "2017.08.26"]
[Round "2.4"]
[White "Gekic, Haris"]
[Black "Abdil, Halil"]
[Result "1-0"]
[WhiteElo "2213"]
[BlackElo "2074"]
[PlyCount "79"]
[EventDate "2017.08.25"]
[EventType "team-tourn"]
[EventRounds "9"]
[EventCountry "BIH"]
[SourceTitle "EXT 2019"]
[Source "ChessBase"]
[SourceDate "2018.10.10"]
[SourceVersion "1"]
[SourceVersionDate "2018.10.10"]
[SourceQuality "1"]

1. e4 c5 2. b3 e5 3. Bb2 d6 4. Bc4 Nf6 5. Nc3 a6 6. a4 Nc6 7. Nge2 Be7 8. 0-0 Be6 9. Bxe6 fxe6 10. f4 Qd7 11. Ng3 Nd4 12. Nce2 0-0-0 13. c3 Nxe2+ 14. Qxe2 exf4 15. Rxf4 h5 16. d4 h4 17. Nf1 d5 18. Nd2 cxd4 19. cxd4 Bb4 20. e5 Bxd2 21. Qxd2 Ne4 22. Qb4 g5 23. Rf3 g4 24. Rf4 g3 25. h3 Rh7 26. Raf1 Nf2 27. Qc3+ Kb8 28. Ba3 Rc8 29. Qf3 Rc2 30. Rf8+ Ka7 31. Bc5+ b6 32. Bd6 a5 33. Qf6 Ne4 34. Qg6 Rf2 35. Qg8 Rxf1+ 36. Kxf1 Nxd6 37. exd6 Rh5 38. Rc8 Rf5+ 39. Ke1 Ka6 40. Rc7 1-0

[Event "BIH-chT2"]
[Site "Bosna"]
[Date "2017.08.25"]
[Round "1.2"]
[White "Abdil, Halil"]
[Black "Vukic, Milan"]
[Result "0-1"]
[WhiteElo "2074"]
[BlackElo "2369"]
[PlyCount "110"]
[EventDate "2017.08.25"]
[EventType "team-tourn"]
[EventRounds "9"]
[EventCountry "BIH"]
[SourceTitle "EXT 2019"]
[Source "ChessBase"]
[SourceDate "2018.10.10"]
[SourceVersion "1"]
[SourceVersionDate "2018.10.10"]
[SourceQuality "1"]

1. e4 c5 2. Nf3 e6 3. d4 cxd4 4. Nxd4 Nf6 5. Nc3 Nc6 6. Ndb5 d6 7. Bf4 e5 8. Bg5 a6 9. Na3 b5 10. Nd5 Be7 11. Bxf6 Bxf6 12. Nxf6+ Qxf6 13. Bd3 0-0 14. 0-0 Bb7 15. c3 Ne7 16. Nc2 d5 17. Re1 Rad8 18. Qe2 Ng6 19. g3 Qg5 20. Qe3 Qxe3 21. Rxe3 dxe4 22. Bxe4 Bxe4 23. Rxe4 Rd2 24. Rc1 f5 25. Ree1 e4 26. Kf1 Ne5 27. Red1 Rfd8 28. Ne3 g6 29. Rxd2 Rxd2 30. Rc2 Rxc2 31. Nxc2 Nd3 32. b3 Nc1 33. c4 bxc4 34. bxc4 Nxa2 35. c5 Kf7 36. f3 exf3 37. Kf2 a5 38. Kxf3 Nb4 39. Na3 Ke6 40. g4 Nd3 41. gxf5+ Kxf5 42. Ke3 Nxc5 43. Kd4 Ne6+ 44. Kc4 Ng5 45. Nc2 Nf3 46. h3 Kf4 47. Kb5 Kg3 48. Kxa5 Kxh3 49. Kb4 g5 50. Kc4 g4 51. Kd3 g3 52. Ne3 g2 53. Nxg2 Kxg2 54. Ke4 h5 55. Kf4 h4 0-1

[Event "Bosnjaci op 21st"]
[Site "Bosnjaci"]
[Date "2016.01.04"]
[Round "2"]
[White "Baricevic, Ivan"]
[Black "Abdil, Halil"]
[Result "0-1"]
[WhiteElo "1574"]
[BlackElo "2194"]
[PlyCount "70"]
[EventDate "2016.01.03"]
[EventType "swiss"]
[EventRounds "9"]
[EventCountry "CRO"]
[SourceTitle "CBM 170 Extra"]
[Source "ChessBase"]
[SourceDate "2016.02.25"]
[SourceVersion "1"]
[SourceVersionDate "2016.02.25"]
[SourceQuality "1"]

1. e4 c5 2. Nc3 d6 3. d3 Nc6 4. h3 g6 5. Nf3 Bg7 6. Be2 Nf6 7. Rb1 0-0 8. Be3 e5 9. a3 Qe7 10. Qc1 Rd8 11. Bg5 Be6 12. Nh2 Qd7 13. Bxf6 Bxf6 14. Bg4 Ne7 15. Nd5 Nxd5 16. exd5 Bf5 17. 0-0 Re8 18. f3 h5 19. Bxf5 Qxf5 20. Re1 Rac8 21. b3 Bg5 22. Qd1 Bf4 23. Nf1 Qg5 24. a4 Qh6 25. g3 Bg5 26. h4 Bd8 27. Qc1 Qg7 28. Kh2 g5 29. hxg5 Bxg5 30. Qd1 f5 31. Re2 h4 32. gxh4 Qh6 33. Rg2 Qxh4+ 34. Kg1 Kf7 35. Rh2 Qd4+ 0-1

[Event "BIH-chT1A 22nd"]
[Site "Tuzla"]
[Date "2015.10.16"]
[Round "1.1"]
[White "Avdic, Mirza"]
[Black "Abdil, Halil"]
[Result "1/2-1/2"]
[WhiteElo "2221"]
[BlackElo "2211"]
[PlyCount "149"]
[EventDate "2015.10.16"]
[EventType "tourn"]
[EventRounds "9"]
[EventCountry "BIH"]
[SourceTitle "CBM 169 Extra"]
[Source "ChessBase"]
[SourceDate "2015.12.18"]
[SourceVersion "1"]
[SourceVersionDate "2015.12.18"]
[SourceQuality "1"]

1. Nf3 Nf6 2. g3 g6 3. b3 Bg7 4. Bb2 c5 5. c4 d6 6. Bg2 e5 7. 0-0 0-0 8. e3 Nc6 9. d3 h6 10. Nc3 Be6 11. h3 d5 12. cxd5 Nxd5 13. Nxd5 Bxd5 14. Qe2 Re8 15. Rfd1 Rc8 16. Rac1 Qa5 17. Bc3 Nb4 18. e4 Bc6 19. Ra1 Qb5 20. a3 Na6 21. Qb2 f6 22. Nd2 Qb6 23. Nc4 Qc7 24. b4 Ba4 25. Rdc1 Qd7 26. Bf1 h5 27. Rab1 cxb4 28. axb4 Nc7 29. Bd2 Ne6 30. Be3 b5 31. Na5 f5 32. Nb3 f4 33. Nc5 Nxc5 34. Bxc5 fxg3 35. fxg3 Bh6 36. Re1 a5 37. Qf2 axb4 38. Rxb4 Rxc5 39. Qxc5 Bf8 40. Qc3 Rc8 41. Qb2 Rc2 42. Qb1 Bxb4 43. Qxb4 Qa7+ 44. d4 Qxd4+ 45. Qxd4 exd4 46. Rd1 Rc3 47. Rxd4 Rxg3+ 48. Kf2 Rb3 49. Rd7 Rb2+ 50. Ke3 Rb1 51. Bd3 Rh1 52. e5 Rxh3+ 53. Kf4 b4 54. Bc4+ Kf8 55. Rc7 b3 56. e6 b2 57. Ba2 Bb3 58. e7+ Ke8 59. Bb1 Bf7 60. Bc2 Ra3 61. Ke5 Re3+ 62. Kd4 Rxe7 63. Rc8+ Kd7 64. Rb8 h4 65. Rxb2 g5 66. Kc5 Ke6 67. Kd4 Kf6 68. Be4 g4 69. Rb5 Be6 70. Ke3 Bd7 71. Rh5 h3 72. Kf4 g3 73. Rh6+ Kf7 74. Rh7+ Kf8 75. Kxg3 1/2-1/2

[Event "Bosnjaci op 19th"]
[Site "Bosnjaci"]
[Date "2014.01.07"]
[Round "7"]
[White "Abdil, Halil"]
[Black "Burovic, Rijad"]
[Result "0-1"]
[WhiteElo "2263"]
[BlackElo "1949"]
[PlyCount "82"]
[EventDate "2014.01.03"]
[EventType "swiss"]
[EventRounds "9"]
[EventCountry "CRO"]
[SourceTitle "CBM 158 Extra"]
[Source "ChessBase"]
[SourceDate "2014.02.28"]
[SourceVersion "1"]
[SourceVersionDate "2014.02.28"]
[SourceQuality "1"]

1. e4 e6 2. d4 d5 3. Nc3 Bb4 4. e5 c5 5. a3 Bxc3+ 6. bxc3 Ne7 7. Qg4 Kf8 8. Bd2 Qa5 9. dxc5 Nd7 10. c4 Qa4 11. Nf3 Qxc2 12. cxd5 Nxd5 13. Rc1 Qb2 14. Qg5 Ne7 15. Be2 h6 16. Qe3 Nc6 17. Rc3 Qb1+ 18. Bd1 Qf5 19. Bc2 Qh5 20. Rd3 g5 21. Ba4 g4 22. Bxc6 bxc6 23. Ng1 Qxe5 24. Qxe5 Nxe5 25. Rd8+ Kg7 26. Rxh8 Kxh8 27. Bc3 f6 28. Bxe5 fxe5 29. Ne2 Ba6 30. Nc3 Rb8 31. h3 Rb3 32. Kd2 Rb2+ 33. Kc1 Rxf2 34. hxg4 Bd3 35. Na4 Kg7 36. Re1 e4 37. Nb2 Rc2+ 38. Kb1 Rxc5+ 39. Nxd3 exd3 40. Rxe6 d2 41. Rd6 Rc1+ 0-1

[Event "Bosnjaci op 19th"]
[Site "Bosnjaci"]
[Date "2014.01.04"]
[Round "3"]
[White "Abdil, Halil"]
[Black "Ikica, Ante"]
[Result "1-0"]
[WhiteElo "2263"]
[BlackElo "1972"]
[PlyCount "95"]
[EventDate "2014.01.03"]
[EventType "swiss"]
[EventRounds "9"]
[EventCountry "CRO"]
[SourceTitle "CBM 158 Extra"]
[Source "ChessBase"]
[SourceDate "2014.02.28"]
[SourceVersion "1"]
[SourceVersionDate "2014.02.28"]
[SourceQuality "1"]

1. e4 e5 2. Nf3 Nf6 3. Nxe5 d6 4. Nf3 Nxe4 5. d4 d5 6. Bd3 Be7 7. 0-0 Bf5 8. c4 c6 9. Nc3 Nxc3 10. bxc3 Bxd3 11. Qxd3 0-0 12. Ne5 Nd7 13. Rb1 Nxe5 14. dxe5 b6 15. f4 Bc5+ 16. Kh1 dxc4 17. Qxc4 Qd5 18. Qxd5 cxd5 19. Bb2 Rfd8 20. Rbd1 Rd7 21. Rd3 Rad8 22. Rfd1 Kf8 23. c4 d4 24. g4 Ke7 25. Kg2 f6 26. Re1 fxe5 27. Rxe5+ Kf7 28. Kf3 Re8 29. Re4 Rxe4 30. Kxe4 Re7+ 31. Kf3 Rd7 32. h4 a5 33. h5 Rd8 34. a4 Rd7 35. g5 g6 36. h6 Rd8 37. Rd1 d3 38. Bc3 Bb4 39. Bxb4 axb4 40. Ke3 Ra8 41. Rxd3 Rxa4 42. Rd7+ Ke6 43. Rxh7 b3 44. Rb7 b2 45. Rxb6+ Kf5 46. h7 Ra3+ 47. Ke2 Kxf4 48. Rxg6 1-0

[Event "Bosnjaci op 18th"]
[Site "Bosnjaci"]
[Date "2013.01.08"]
[Round "8"]
[White "Abdil, Halil"]
[Black "Zaja, Ivan"]
[Result "1/2-1/2"]
[WhiteElo "2282"]
[BlackElo "2488"]
[PlyCount "128"]
[EventDate "2013.01.03"]
[EventType "swiss"]
[EventRounds "9"]
[EventCountry "CRO"]
[SourceTitle "CBM 152 Extra"]
[Source "ChessBase"]
[SourceDate "2013.02.25"]
[SourceVersion "1"]
[SourceVersionDate "2013.02.25"]
[SourceQuality "1"]

1. e4 c5 2. Nf3 e6 3. d4 cxd4 4. Nxd4 Bb4+ 5. Nc3 Ne7 6. g3 d5 7. exd5 Qxd5 8. Bb5+ Bd7 9. 0-0 Bxc3 10. Bxd7+ Nxd7 11. bxc3 0-0 12. Ba3 Rfe8 13. Rb1 Nb6 14. Nb5 Qc6 15. Bxe7 Rxe7 16. Nxa7 Qc5 17. Qd4 Qxd4 18. cxd4 Rxa7 19. Rxb6 Rxa2 20. c4 Rd7 21. c5 g5 22. Rd1 Rc2 23. Kg2 g4 24. Rb4 h5 25. Rdb1 Kg7 26. R4b2 Rc4 27. Rb4 Rdxd4 28. Rxc4 Rxc4 29. Rxb7 Rxc5 30. h3 Rc2 31. hxg4 hxg4 32. Kf1 Kg6 33. Re7 Kf6 34. Re8 e5 35. Rg8 Kf5 36. Rg7 f6 37. Rg8 Ke4 38. Kg2 f5 39. Rg5 Rc3 40. Kf1 Rf3 41. Ke2 Kd4 42. Rg8 Rc3 43. Rg5 Rc2+ 44. Kf1 Ke4 45. Kg2 Rd2 46. Rg8 Rd6 47. Rg5 Rd3 48. Rg7 Ra3 49. Rg5 Rf3 50. Kf1 Kd5 51. Rg8 Rb3 52. Rg5 Ke6 53. Rg6+ Kf7 54. Rg5 Rf3 55. Ke1 e4 56. Ke2 e3 57. fxe3 Kf6 58. Rg8 Rxg3 59. Kf2 Rf3+ 60. Ke2 Rh3 61. e4 f4 62. Rxg4 Re3+ 63. Kf2 Rxe4 64. Kf3 Kf5 1/2-1/2

[Event "Bosnjaci op 18th"]
[Site "Bosnjaci"]
[Date "2013.01.06"]
[Round "5"]
[White "Abdil, Halil"]
[Black "Berke, Ana"]
[Result "1-0"]
[WhiteElo "2282"]
[BlackElo "2166"]
[PlyCount "83"]
[EventDate "2013.01.03"]
[EventType "swiss"]
[EventRounds "9"]
[EventCountry "CRO"]
[SourceTitle "CBM 152 Extra"]
[Source "ChessBase"]
[SourceDate "2013.02.25"]
[SourceVersion "1"]
[SourceVersionDate "2013.02.25"]
[SourceQuality "1"]

1. e4 c5 2. Nf3 d6 3. d4 cxd4 4. Nxd4 Nf6 5. Nc3 Nc6 6. Bg5 Bd7 7. Qd2 h6 8. Bxf6 gxf6 9. 0-0-0 Rc8 10. f4 Nxd4 11. Qxd4 Qa5 12. Be2 Qc5 13. Qd2 f5 14. Bf3 Bg7 15. e5 b5 16. Rhe1 0-0 17. Nd5 dxe5 18. Nxe7+ Qxe7 19. Qxd7 Qc5 20. Qxf5 exf4 21. Qxc5 Rxc5 22. Rd7 Rfc8 23. Re2 R5c7 24. Rxc7 Rxc7 25. Re4 Bf6 26. c3 Rc5 27. Kc2 Be5 28. a4 bxa4 29. Rxa4 a5 30. c4 Kg7 31. h3 Kf6 32. Bd5 Bd4 33. Ra3 Be3 34. Rb3 Rc7 35. Rb5 Ra7 36. c5 Ke5 37. c6 a4 38. Bf3+ Kd4 39. Rb7 Ra5 40. Rd7+ Kc4 41. Be2+ Kb4 42. Rb7+ 1-0

[Event "BIH-chT1B"]
[Site "Neum"]
[Date "2012.08.30"]
[Round "8.3"]
[White "Vajic, Goran"]
[Black "Abdil, Halil"]
[Result "1/2-1/2"]
[WhiteElo "2243"]
[BlackElo "2279"]
[PlyCount "22"]
[EventDate "2012.08.25"]
[EventType "team-tourn"]
[EventRounds "9"]
[EventCountry "BIH"]
[SourceTitle "CBM 150 Extra"]
[Source "ChessBase"]
[SourceDate "2012.10.19"]
[SourceVersion "1"]
[SourceVersionDate "2012.10.19"]
[SourceQuality "1"]

1. e4 c5 2. Nf3 d6 3. d4 cxd4 4. Nxd4 Nf6 5. Nc3 g6 6. Be2 Bg7 7. Be3 Nc6 8. f3 0-0 9. Qd2 d5 10. Nxc6 bxc6 11. 0-0-0 Qa5 1/2-1/2

[Event "BIH-chT1B"]
[Site "Neum"]
[Date "2012.08.28"]
[Round "6.4"]
[White "Hamzagic, Abdel"]
[Black "Abdil, Halil"]
[Result "1/2-1/2"]
[WhiteElo "2091"]
[BlackElo "2279"]
[PlyCount "68"]
[EventDate "2012.08.25"]
[EventType "team-tourn"]
[EventRounds "9"]
[EventCountry "BIH"]
[SourceTitle "CBM 150 Extra"]
[Source "ChessBase"]
[SourceDate "2012.10.19"]
[SourceVersion "1"]
[SourceVersionDate "2012.10.19"]
[SourceQuality "1"]

1. e4 c5 2. Nf3 d6 3. c4 Nc6 4. Nc3 g6 5. d4 Bg4 6. dxc5 dxc5 7. Qa4 Bd7 8. Be3 Nd4 9. Qd1 Bg4 10. Qa4+ Bd7 11. Qd1 Nxf3+ 12. Qxf3 Qa5 13. Be2 Nf6 14. h3 Bc6 15. 0-0 Bg7 16. Rfd1 Nd7 17. Bd2 Qd8 18. Qg3 0-0 19. f3 e6 20. Rac1 Bd4+ 21. Kh1 Nf6 22. Bg5 Nh5 23. Qh4 Qc7 24. f4 f6 25. Bh6 Ng7 26. Bf3 f5 27. e5 Bxf3 28. gxf3 Rf7 29. Rd3 a6 30. a3 Nh5 31. Bg5 Kg7 32. Ne2 Qc6 33. Rc2 b5 34. Nxd4 cxd4 1/2-1/2

[Event "Bosnjaci op 17th"]
[Site "Bosnjaci"]
[Date "2012.01.06"]
[Round "6"]
[White "Abdil, Halil"]
[Black "Babic, Andrija"]
[Result "1-0"]
[WhiteElo "2293"]
[BlackElo "2038"]
[PlyCount "149"]
[EventDate "2012.01.03"]
[EventType "swiss"]
[EventRounds "9"]
[EventCountry "CRO"]
[SourceTitle "CBM 146 Extra"]
[Source "ChessBase"]
[SourceDate "2012.02.29"]
[SourceVersion "1"]
[SourceVersionDate "2012.02.29"]
[SourceQuality "1"]

1. e4 c6 2. d4 d5 3. Nc3 dxe4 4. Nxe4 Bf5 5. Ng3 Bg6 6. h4 h6 7. h5 Bh7 8. Nf3 Nd7 9. Bd3 Bxd3 10. Qxd3 Ngf6 11. Bd2 e6 12. 0-0-0 Qc7 13. Ne4 0-0-0 14. g3 Nxe4 15. Qxe4 Nf6 16. Qe2 Bd6 17. c4 Qe7 18. Kb1 Rhe8 19. Ba5 Bc7 20. Bc3 Kb8 21. Ne5 Nd7 22. Nd3 f6 23. g4 Qf7 24. b3 Kc8 25. f4 Bd6 26. c5 Bc7 27. Rh3 Rg8 28. Re3 f5 29. Rxe6 fxg4 30. Qxg4 Kb8 31. Rh1 Nf6 32. Qf5 Qd7 33. Rhe1 Nd5 34. Bd2 Nf6 35. Bc3 Nd5 36. Bb2 Rgf8 37. Qh7 Bxf4 38. Nxf4 Rxf4 39. Rd6 Qc7 40. Rxd8+ Qxd8 41. Qxg7 Qf8 42. Qe5+ Kc8 43. Qe6+ Kc7 44. Bc1 Qf5+ 45. Ka1 Qxe6 46. Rxe6 Rf6 47. Re5 Rf2 48. Be3 Rg2 49. Kb1 Nxe3 50. Re7+ Kd8 51. Rxe3 Rg5 52. Rh3 Rg4 53. Kc2 Ke7 54. Kd3 Kf6 55. Rf3+ Ke7 56. Rf5 b5 57. cxb6 axb6 58. a4 Rh4 59. b4 Kd7 60. Kc4 Kc7 61. a5 Rh3 62. Rf7+ Kb8 63. a6 Rxh5 64. Rb7+ Ka8 65. Rxb6 Rh1 66. Rxc6 h5 67. Rh6 h4 68. Kb5 Rg1 69. Rxh4 Rg5+ 70. Kb6 Rg6+ 71. Ka5 Rd6 72. b5 Rd5 73. Kb6 Rd6+ 74. Kc7 Rd5 75. Rh8+ 1-0

[Event "Bosnjaci op 17th"]
[Site "Bosnjaci"]
[Date "2012.01.04"]
[Round "2"]
[White "Abdil, Halil"]
[Black "Blagojevic, Marijan"]
[Result "0-1"]
[WhiteElo "2293"]
[BlackElo "2109"]
[PlyCount "60"]
[EventDate "2012.01.03"]
[EventType "swiss"]
[EventRounds "9"]
[EventCountry "CRO"]
[SourceTitle "CBM 146 Extra"]
[Source "ChessBase"]
[SourceDate "2012.02.29"]
[SourceVersion "1"]
[SourceVersionDate "2012.02.29"]
[SourceQuality "1"]

1. e4 c5 2. Nf3 d6 3. d4 cxd4 4. Nxd4 Nf6 5. Nc3 a6 6. Bg5 e6 7. f4 Be7 8. Qf3 Qb6 9. 0-0-0 Nc6 10. Nb3 Qc7 11. g4 Rb8 12. Bg2 Bd7 13. Rhe1 0-0 14. Rd2 Rfd8 15. e5 Ne8 16. h4 dxe5 17. fxe5 Bxg5 18. hxg5 Nxe5 19. Qh3 Bc6 20. Bxc6 bxc6 21. Rh1 Rxd2 22. Qxh7+ Kf8 23. Nxd2 Qb6 24. Nd1 Qd4 25. Qh2 Rd8 26. Nb3 Qe4 27. Rf1 Nxg4 28. Qg3 Qe2 29. Re1 Rxd1+ 30. Rxd1 Ne3 0-1

[Event "Bosnjaci op 17th"]
[Site "Bosnjaci"]
[Date "2012.01.03"]
[Round "1"]
[White "Imsirovic, Alen"]
[Black "Abdil, Halil"]
[Result "0-1"]
[WhiteElo "1868"]
[BlackElo "2293"]
[PlyCount "118"]
[EventDate "2012.01.03"]
[EventType "swiss"]
[EventRounds "9"]
[EventCountry "CRO"]
[SourceTitle "CBM 146 Extra"]
[Source "ChessBase"]
[SourceDate "2012.02.29"]
[SourceVersion "1"]
[SourceVersionDate "2012.02.29"]
[SourceQuality "1"]

1. e4 c5 2. c3 d5 3. exd5 Qxd5 4. d4 g6 5. Nf3 Bg7 6. Be2 Nf6 7. dxc5 Qxc5 8. Be3 Qc7 9. Na3 Nc6 10. Nb5 Qb8 11. 0-0 0-0 12. Re1 a6 13. Nbd4 Bd7 14. Qc1 Ng4 15. Nxc6 Bxc6 16. h3 Nxe3 17. Qxe3 Qc7 18. Rad1 e5 19. Bd3 Rfe8 20. Be4 f5 21. Bxc6 Qxc6 22. Qd2 e4 23. Nd4 Qd5 24. Nb3 Qf7 25. Qd5 Re7 26. Nc5 Rc8 27. Qxf7+ Kxf7 28. Rd5 a5 29. Nd7 Rc6 30. Red1 Ke8 31. Nc5 b6 32. Nb3 a4 33. Nd4 Rc5 34. Rxc5 bxc5 35. Nc6 Rd7 36. Rxd7 Kxd7 37. Na5 a3 38. bxa3 Bxc3 39. Nc4 Kc6 40. Kf1 Kb5 41. Ne3 f4 42. Nd5 Be5 43. Ke2 Ka4 44. Nb6+ Kb5 45. Nd5 Kc6 46. Ne7+ Kd6 47. Nc8+ Kd5 48. Ne7+ Kc4 49. Kd2 Bc3+ 50. Ke2 Bb2 51. Nc8 Bxa3 52. Nd6+ Kd5 53. Nb5 Bb4 54. Nc7+ Ke5 55. Nb5 c4 56. a3 Ba5 57. a4 Kd5 58. Na3 Kd4 59. Nb1 Bb4 0-1

[Event "BIH-chT2"]
[Site "Tuzla"]
[Date "2010.07.22"]
[Round "7"]
[White "Sutkovic, Damir"]
[Black "Abdil, Halil"]
[Result "1-0"]
[WhiteElo "2350"]
[BlackElo "2311"]
[PlyCount "73"]
[EventDate "2010.07.18"]
[EventType "team-swiss"]
[EventRounds "9"]
[EventCountry "BIH"]
[SourceTitle "CBM 137 Extra"]
[Source "ChessBase"]
[SourceDate "2010.09.01"]
[SourceVersion "1"]
[SourceVersionDate "2010.09.01"]
[SourceQuality "1"]

1. d4 Nf6 2. c4 g6 3. f3 d5 4. cxd5 Nxd5 5. e4 Nb6 6. Nc3 Bg7 7. Be3 0-0 8. f4 Nc6 9. d5 Na5 10. Bd4 e5 11. fxe5 Nac4 12. Nf3 Bg4 13. Be2 Bxf3 14. Bxf3 Nxe5 15. 0-0 Nbc4 16. b3 Nxf3+ 17. Rxf3 Ne5 18. Rf1 Re8 19. Qd2 c6 20. Rad1 Qe7 21. h3 c5 22. Be3 Qd6 23. Nb5 Qb6 24. Na3 Qb4 25. Qxb4 cxb4 26. Nb5 Re7 27. Bc5 Rd7 28. Bxb4 a6 29. Nd4 f5 30. Ne6 fxe4 31. Nxg7 Kxg7 32. Bc3 Re8 33. Rfe1 Kf8 34. Rxe4 Nf7 35. Bb4+ Nd6 36. Bxd6+ Rxd6 37. Rf1+ 1-0

[Event "BIH-chT2"]
[Site "Tuzla"]
[Date "2010.07.19"]
[Round "2"]
[White "Karup, Edin"]
[Black "Abdil, Halil"]
[Result "1-0"]
[WhiteElo "2167"]
[BlackElo "2311"]
[PlyCount "55"]
[EventDate "2010.07.18"]
[EventType "team-swiss"]
[EventRounds "9"]
[EventCountry "BIH"]
[SourceTitle "CBM 137 Extra"]
[Source "ChessBase"]
[SourceDate "2010.09.01"]
[SourceVersion "1"]
[SourceVersionDate "2010.09.01"]
[SourceQuality "1"]

1. e4 c5 2. Nf3 d6 3. d4 cxd4 4. Nxd4 Nf6 5. Nc3 g6 6. Be3 Bg7 7. f3 0-0 8. Qd2 Nc6 9. g4 Be6 10. 0-0-0 Nxd4 11. Bxd4 Qa5 12. a3 Rfc8 13. h4 Rab8 14. Nd5 Qxd2+ 15. Rxd2 Nxd5 16. Bxg7 Ne3 17. Bd4 Nxf1 18. Rxf1 a6 19. g5 b5 20. Bc3 Ra8 21. h5 Kf8 22. hxg6 hxg6 23. f4 Bc4 24. Rh1 Ke8 25. e5 d5 26. Kb1 a5 27. b3 Be2 28. Rxe2 1-0